000 00190 a2200097 4500
001 514
100 _aTurner,RP
245 _aBasic electricity
260 _a
_bRinehart
_c
090 _c126
_d126
942 _aNUST-CAE
_cM
_c2891
999 _c235587
_d235587